MARC details
| 000 -LEADER |
| fixed length control field |
01687cam a22004574a 4500 |
| 001 - CONTROL NUMBER |
| control field |
muse86581 |
| 003 - CONTROL NUMBER IDENTIFIER |
| control field |
MdBmJHUP |
| 005 - DATE AND TIME OF LATEST TRANSACTION |
| control field |
20210127151715.0 |
| 006 - FIXED-LENGTH DATA ELEMENTS--ADDITIONAL MATERIAL CHARACTERISTICS |
| fixed length control field |
m o d |
| 007 - PHYSICAL DESCRIPTION FIXED FIELD--GENERAL INFORMATION |
| fixed length control field |
cr||||||||nn|n |
| 008 - FIXED-LENGTH DATA ELEMENTS--GENERAL INFORMATION |
| fixed length control field |
780412s1978 ncu o 00 0 eng d |
| 010 ## - LIBRARY OF CONGRESS CONTROL NUMBER |
| Canceled/invalid LC control number |
78057492 |
| 020 ## - INTERNATIONAL STANDARD BOOK NUMBER |
| International Standard Book Number |
9781469657783 |
| 020 ## - INTERNATIONAL STANDARD BOOK NUMBER |
| Canceled/invalid ISBN |
0807880930 |
| 020 ## - INTERNATIONAL STANDARD BOOK NUMBER |
| Canceled/invalid ISBN |
9781469657776 |
| 035 ## - SYSTEM CONTROL NUMBER |
| System control number |
(OCoLC)1155210945 |
| 040 ## - CATALOGING SOURCE |
| Original cataloging agency |
MdBmJHUP |
| Transcribing agency |
MdBmJHUP |
| 050 04 - LIBRARY OF CONGRESS CALL NUMBER |
| Classification number |
PT1904 |
| Item number |
.L4 1978 |
| 082 0# - DEWEY DECIMAL CLASSIFICATION NUMBER |
| Classification number |
831/.6 |
| 100 1# - MAIN ENTRY--PERSONAL NAME |
| Personal name |
Lee, Meredith, |
| Dates associated with a name |
1945- |
| 245 10 - TITLE STATEMENT |
| Title |
Studies in Goethe's Lyric Cycles |
| Statement of responsibility, etc. |
by Meredith Lee. |
| 264 #1 - PRODUCTION, PUBLICATION, DISTRIBUTION, MANUFACTURE, AND COPYRIGHT NOTICE |
| Name of producer, publisher, distributor, manufacturer |
University of North Carolina Press, |
| 264 #3 - PRODUCTION, PUBLICATION, DISTRIBUTION, MANUFACTURE, AND COPYRIGHT NOTICE |
| Name of producer, publisher, distributor, manufacturer |
Project MUSE, |
| 300 ## - PHYSICAL DESCRIPTION |
| Extent |
1 online resource (xi, 191 p.) |
| 490 0# - SERIES STATEMENT |
| Series statement |
University of North Carolina studies in the Germanic languages and literatures ; no. 93 |
| International Standard Serial Number |
0081-8593 |
| 500 ## - GENERAL NOTE |
| General note |
Includes indexes. |
| 500 ## - GENERAL NOTE |
| General note |
Originally presented as the author's thesis, Yale. |
| 504 ## - BIBLIOGRAPHY, ETC. NOTE |
| Bibliography, etc. note |
Bibliography: p. 171-182. |
| 506 0# - RESTRICTIONS ON ACCESS NOTE |
| Terms governing access |
Open Access |
| Standardized terminology for access restriction |
Unrestricted online access |
| Source of term |
star |
| 588 ## - SOURCE OF DESCRIPTION NOTE |
| Source of description note |
Description based on print version record. |
| 600 11 - SUBJECT ADDED ENTRY--PERSONAL NAME |
| Personal name |
Goethe, Johann Wolfgang von, |
| Dates associated with a name |
1749-1832 |
| General subdivision |
Criticism and interpretation. |
| 655 #7 - INDEX TERM--GENRE/FORM |
| Genre/form data or focus term |
Electronic books. |
| Source of term |
local |
| 710 2# - ADDED ENTRY--CORPORATE NAME |
| Corporate name or jurisdiction name as entry element |
Project Muse. |
| Relator term |
distributor |
| 830 #0 - SERIES ADDED ENTRY--UNIFORM TITLE |
| Uniform title |
University of North Carolina studies in the Germanic languages and literatures ; |
| Volume/sequential designation |
no. 93. |
| 830 #0 - SERIES ADDED ENTRY--UNIFORM TITLE |
| Uniform title |
Book collections on Project MUSE. |
| 856 40 - ELECTRONIC LOCATION AND ACCESS |
| Public note |
Full text available: |
| Uniform Resource Identifier |
<a href="https://muse.jhu.edu/book/75727/">https://muse.jhu.edu/book/75727/</a> |